=LDR 00000nam 2200000 4500 =001 INLIS000000000019157 =005 20200527105502 =035 ##$$a 0010-061300000019157 =008 200527################g##########0#ind## =041 ##$$a Ind =082 ##$$a 2x3.04 =090 ##$$a 2x3.132, Ahm b =100 1#$$a Ahmad, Shalahuddin Maqdul =245 1#$$a Bahaya mengingkari sunnah /$c Shalahuddin Maqbul Ahmad ; penerjemah, M. Misbah =260 ##$$a Jakarta :$b Buku Islam Rahmatan,$c 1994 =300 ##$$a 324 hlm, ; $c 24 x 15 cm. =650 #4$$a Mengingkari Sunnah-Bahaya =850 ##$$a NBPNMAT =084 ##$$a 2x3.132 AHM b =700 #$$a Misbah, M =990 ##$$a 00052589 =990 ##$$a 10401218 =990 ##$$a 20602728 =990 ##$$a 20613793 =990 ##$$a 10401220 =990 ##$$a 20613792 =990 ##$$a 20602731